Текст | Мир по возможности - Statistics

General Stats
  • This quiz has been taken 1 917 times
  • The average score is 3 of 5
Answer Stats
Намекать Отвечать % Correct
Страна, в которой он хочет превзойти Китай по населению Индия
94%
Что 5 + 5 10
92%
Самая густонаселенная страна Китай
85%
Что означает «КСА» Саудовская Аравия
11%
Соответствие стране
7%
No matching quizzes found
Score Distribution
Percent of People with Each Score
Percentile by Number Answered
Your Score History
You have not taken this quiz